Biopolítica y Derecho Romano.
Saved in:
| Main Author: | |
|---|---|
| Other Authors: | |
| Format: | Book |
| Language: | Spanish |
| Published: |
Madrid, España:
Marcial Pons; Ediciones Jurídicas y Sociales,
2011.
|
| Subjects: | |
| Tags: |
Add Tag
No Tags, Be the first to tag this record!
|
MARC
| LEADER | 00000cam a2200000 a 4500 | ||
|---|---|---|---|
| 001 | UCE6486 | ||
| 003 | CL-VaPUC | ||
| 005 | 20220822114408.0 | ||
| 008 | 150416e20110000sp |||||||||||||||||spa|d | ||
| 999 | |c 358812 |d 358810 | ||
| 020 | |a 978-84-9768-749-2 | ||
| 040 | |c Pontificia Universidad Católica de Valparaíso | ||
| 082 | 0 | 4 | |a 340.54 GAR 2011 |2 21 |
| 100 | |a Garofalo, Luigi |e autor |9 620502 | ||
| 245 | 1 | 0 | |a Biopolítica y Derecho Romano. |
| 260 | |a Madrid, España: |b Marcial Pons; |b Ediciones Jurídicas y Sociales, |c 2011. | ||
| 300 | |a 150 páginas. | ||
| 500 | |a c.2 Donación Familia Prof. Alejandro Guzmán Brito. | ||
| 583 | |a last modification |c 20150416 10:41:00 |k Rodrigo Vera | ||
| 650 | 0 | |a Derecho romano |9 255930 | |
| 650 | 0 | |a Biopolítica |2 CL-VaPUC |9 555342 | |
| 700 | |a Córcocles Olaitz, Edorta |e traducción |9 865640 | ||
| 942 | |c BK |2 ddc |n 0 | ||
| 945 | |d 20150416 10:41:00 |a arojas | ||
| 952 | |0 0 |1 0 |3 erb |4 0 |6 340_540000000000000_GAR_2011 |7 0 |8 A |9 467713 |a BIBDER |b BIBDER |i 5145686 |o 340.54 GAR 2011 |p 5145686 |r 2023-01-25 |w 2019-11-23 |y BK |z Catalogado en:20150416 |k DER | ||
| 952 | |0 0 |1 0 |2 ddc |4 0 |6 340_540000000000000_GAR_2011 |7 1 |8 C_AGB |9 580259 |a BIBDER |b BIBDER |d 2022-01-07 |e Donación |i 563587K |o 340.54 GAR 2011 |p 563587K |r 2023-01-25 |t 2 |w 2022-01-07 |y BK_US |k AGB | ||